000 00229nam a22001097a 4500
020 _a978-0143424680
041 _aENG
245 _aWard Power Made Easy
260 _aDelhi
_bW,R Goyal Pub
_c1998
650 _aGAE
856 _uGAE
999 _c3178
_d3178